Zánik štátneho podniku Osobitný účet ministerstva privatizácie na všetko nestačí
Smernice a zákony o spôsobe vysporiadania zostatku likvidácie štátnej organizácie. Podmienky pre likvidáciu, zapájanie osobitného účtu MSWPNM SR do vysporiadania zostatku likvidácie podnikov. Doklady, ktoré predkladá likvidátor pre vysporiadanie zostatku. Smernice a zásady pre platenie úverov a úhra...
Gespeichert in:
| 1. Verfasser: | |
|---|---|
| Weitere Verfasser: | |
| Format: | Buchkapitel |
| Sprache: | Slowakisch |
| Schlagworte: | |
| Tags: |
Keine Tags, Fügen Sie das erste Tag hinzu!
|
MARC
| LEADER | 00000naa a2200000 4500 | ||
|---|---|---|---|
| 001 | r001018 | ||
| 005 | 20221213114022.3 | ||
| 041 | 0 | |a slo | |
| 044 | |a SK | ||
| 245 | 1 | 0 | |a Zánik štátneho podniku |b Osobitný účet ministerstva privatizácie na všetko nestačí |c J. Kerekeš, P. Rosa |
| 520 | |a Smernice a zákony o spôsobe vysporiadania zostatku likvidácie štátnej organizácie. Podmienky pre likvidáciu, zapájanie osobitného účtu MSWPNM SR do vysporiadania zostatku likvidácie podnikov. Doklady, ktoré predkladá likvidátor pre vysporiadanie zostatku. Smernice a zásady pre platenie úverov a úhrada záväzkov a odstupného, ktorá sa vzťahuje ku dňu dražby. | ||
| 610 | 2 | 0 | |a likvidácia podniku |
| 610 | 2 | 0 | |a saldo |
| 610 | 2 | 0 | |a podnik štátny |
| 610 | 2 | 0 | |a vlastníctvo štátne |
| 610 | 2 | 0 | |a konkurzy |
| 610 | 2 | 0 | |a smernice |
| 610 | 2 | 0 | |a zákony |
| 100 | 1 | |a Kerekeš, Juraj | |
| 700 | 1 | |a Rosa, P. | |